000
00302nam a2200109Ia 4500
008
200302s9999 xx 000 0 und d
100
_a
Shawna Henderson and Don Roscoe
245
_a
Solar Home Design Manual for Cool Climates
260
_b
Earthscan Publications Ltd.
260
_c
2010
300
_a
204 P.,
999
_c
3264
_d
3264